000 00592cam a2200205 4500500
005 20260329004028.0
041 _afre
042 _adc
100 1 0 _aEnjalbert, Cédric
_eauthor
245 0 0 _aVietnam mélodrame
260 _c2018.
500 _a97
690 _aCaroline Guiela Nguyen
690 _aHistoire
690 _aMémoire
690 _aPaul Ricœur
690 _aSaïgon
786 0 _nPhilosophie magazine | 116 | 2 | 2018-02-01 | p. 68-68 | 1951-1787
856 4 1 _uhttps://shs.cairn.info/magazine-philosophie-magazine-2018-2-page-68?lang=fr&redirect-ssocas=7080
999 _c1829918
_d1829918